Faculty of Law Library — Cairo University

Official Online Catalog

أثر تغير الظروف في القرار الإداري والطعن فيه : (Record no. 69378)

MARC details
000 -LEADER
fixed length control field 02579nam a2200337 i 4500
003 - CONTROL NUMBER IDENTIFIER
control field EG-GICUC
005 - DATE AND TIME OF LATEST TRANSACTION
control field 20260406225758.0
008 - FIXED-LENGTH DATA ELEMENTS--GENERAL INFORMATION
fixed length control field 260406s2011 ua ||||fr|||| 000 0 ara d
017 ## - COPYRIGHT OR LEGAL DEPOSIT NUMBER
Copyright or legal deposit number 2010/1172
020 ## - INTERNATIONAL STANDARD BOOK NUMBER
International Standard Book Number 977-17-90528
040 ## - CATALOGING SOURCE
Original cataloging agency EG-GICUC
Language of cataloging ara
Transcribing agency EG-GICUC
Modifying agency EG-GICUC
Description conventions rda
041 0# - LANGUAGE CODE
Language code of text/sound track or separate title ara
082 04 - DEWEY DECIMAL CLASSIFICATION NUMBER
Edition number 21
Classification number 345.6
Item number م ح . أ
092 04 - LOCALLY ASSIGNED DEWEY CALL NUMBER (OCLC)
Edition number 21
099 ## - LOCAL FREE-TEXT CALL NUMBER (OCLC)
Classification number Law1 07 345.6 م ح . أ 2011
100 0# - MAIN ENTRY--PERSONAL NAME
Personal name محمود حمدي عباس عطية
Relator term مؤلف.
245 10 - TITLE STATEMENT
Title أثر تغير الظروف في القرار الإداري والطعن فيه :
Remainder of title دراسة تحليلية مقارنة في النظامين القانونيين الفرنسي والمصري /
Statement of responsibility, etc. دكتور محمود حمدي عباس عطية ؛ تقديم محمد ماهر ابوالعينين.
264 #1 - PRODUCTION, PUBLICATION, DISTRIBUTION, MANUFACTURE, AND COPYRIGHT NOTICE
Place of production, publication, distribution, manufacture القاهرة :
Name of producer, publisher, distributor, manufacturer دار أبو المجد للطباعة،
Date of production, publication, distribution, manufacture, or copyright notice 2011.
300 ## - PHYSICAL DESCRIPTION
Extent 814 ؛ صفحة
Dimensions 24 سم.
336 ## - CONTENT TYPE
Source rda content
Content type term text
337 ## - MEDIA TYPE
Source rda media
Media type term Computer
338 ## - CARRIER TYPE
Source rda carrier
Carrier type term Online Resource
505 ## - FORMATTED CONTENTS NOTE
Formatted contents note توقيت استجلاء مشروعية القرار الإداري وآثاره<br/>اثر تغير ظروف الواقع العادية والإستثنائية على مشروعية القرار الإداري<br/>أثر تغير القواعد القانونية التي صدر القرار الإداري تطبيقا لها<br/>أثر تغير المراكز القانونية والمبادئ القضائية المرتبطة بالقرار الإداري<br/>أثر إنقضاء ميعاد الطعن القضائي في القرار الإداري بالنسبة للأفراد وبالنسبة للإدارة<br/>أثر تغير الظروف الواقعية والقانونية على إمكانية الطعن في القرار الذي انقضي ميعاد الطعن القضائي فيه أثر تغير الظروف الواقعية والقانونية على مجريات نظر الطعن في القرار الإداري أمام القضاء<br/>دور القاضي الإداري إزاء تغير ظروف إصدار القرار -<br/>ملحق خاص لأحكام دائرة توحيد المبادىء الصادرة في الفترة من أول أكتوبر حتى آخر أبريل سنة ٢٠١٠
546 ## - LANGUAGE NOTE
Language note النص باللغة العربية
650 14 - SUBJECT ADDED ENTRY--TOPICAL TERM
Topical term or geographic name entry element القانون الإداري
650 14 - SUBJECT ADDED ENTRY--TOPICAL TERM
Topical term or geographic name entry element القرارت الإدارية
700 ## - ADDED ENTRY--PERSONAL NAME
Personal name محمد ماهر ابوالعينين
Relator term مقدم.
856 40 - ELECTRONIC LOCATION AND ACCESS
Uniform Resource Identifier <a href="https://fll.law.cu.edu.eg/fulltext/bks/B07-02077.pdf">https://fll.law.cu.edu.eg/fulltext/bks/B07-02077.pdf</a>
905 ## - Cataloger and Reviser Names
Cataloger Name: Roqaia Ahmed
942 ## - ADDED ENTRY ELEMENTS (KOHA)
Source of classification or shelving scheme Dewey Decimal Classification
Koha item type Books
Edition 21
Suppress in OPAC No
Holdings
Withdrawn status Lost status Source of classification or shelving scheme Damaged status Not for loan Collection Home library Current library Date acquired Total checkouts Full call number Barcode Date last seen Copy number Price effective from Koha item type
    Dewey Decimal Classification   Not for loan القانون الإداري جــــامعة القــاهرة مكتبة كلية الحقوق - المبنى الرئيسي 06.04.2026   Law1 07 345.6 م ح . أ 2011 0702077 C1 B07-02077 06.04.2026 1 06.04.2026 Books

© All rights reserved — Faculty of Law, Cairo University

Implemented and Customized by: Eng. M. Mohamady